[Event "Suecia ch 2007 Junior-SM"]
[Site "Stockholm SWE"]
[Date "2007.07.13"]
[Round "13"]
[White "Lissang, Christopher"]
[Black "Andersson, Alexis"]
[Result "1-0"]
[PlyCount "51"]
[EventDate "2007.06.30"]
[EventType "tourn"]
[EventRounds "13"]
[EventCountry "SWE"]
[Source "lmi"]
[SourceDate "2007.06.30"]
[WhiteElo "2053"]
[BlackElo "2055"]

1. e4 c5 2. Nf3 d6 3. d4 cxd4 4. Nxd4 Nf6 5. Nc3 a6 6. Be2 e6 7. O-O Be7 8. a4
Nc6 9. Be3 O-O 10. f4 Qc7 11. Kh1 Bd7 12. Nb3 b6 13. Bf3 Rab8 14. g4 Bc8 15. g5
Nd7 16. Bg2 Nc5 17. Nd4 Nxd4 18. Bxd4 Bb7 19. Qh5 f5 20. Rf3 g6 21. Qh6 e5 22.
Rh3 Bd8 23. fxe5 Rf7 24. e6 Nxe6 25. Qxg6+ hxg6 26. Rh8# 1-0

[Event "Suecia ch 2007 Junior-SM"]
[Site "Stockholm SWE"]
[Date "2007.07.13"]
[Round "13"]
[White "Vas, Peter"]
[Black "Kockum, Anton Frisk"]
[Result "1/2-1/2"]
[PlyCount "25"]
[EventDate "2007.06.30"]
[EventType "tourn"]
[EventRounds "13"]
[EventCountry "SWE"]
[Source "lmi"]
[SourceDate "2007.06.30"]
[WhiteElo "2166"]
[BlackElo "2200"]

1. e4 e6 2. d4 d5 3. exd5 exd5 4. Bd3 Nc6 5. c3 Bd6 6. Qf3 Be6 7. Ne2 Qd7 8. h3
O-O-O 9. Bf4 Bxf4 10. Qxf4 Nge7 11. Nd2 Rhe8 12. O-O-O Bf5 13. Qf3 1/2-1/2

[Event "Suecia ch 2007 Veteran-SM"]
[Site "Stockholm SWE"]
[Date "2007.07.13"]
[Round "9"]
[White "Malmdin, Nils-Ake"]
[Black "Agrest, Roman"]
[Result "1-0"]
[PlyCount "75"]
[EventDate "2007.07.01"]
[EventCountry "SWE"]
[Source "lmi"]
[SourceDate "2007.06.30"]
[WhiteElo "2259"]
[BlackElo "2161"]

1. e4 c5 2. Nf3 e6 3. d3 Nc6 4. g3 d6 5. Bg2 Nf6 6. O-O Be7 7. Re1 Qc7 8. c3
O-O 9. Qe2 b5 10. d4 Qb6 11. a4 b4 12. a5 Nxa5 13. e5 Ba6 14. Qd1 Nd5 15. Qa4
Bd8 16. exd6 Bb5 17. dxc5 Qxc5 18. cxb4 Qxb4 19. Qxb4 Nxb4 20. Nd4 Rb8 21. Nc3
Bd7 22. Re5 Nd3 23. Rexa5 Bxa5 24. Rxa5 Nxc1 25. Rxa7 Rfd8 26. Bc6 Bxc6 27.
Nxc6 Nd3 28. Nxb8 Rxb8 29. Rc7 Kf8 30. Na4 Ke8 31. Re7+ Kf8 32. Rc7 Ke8 33. Rc3
Ne5 34. f4 Nd7 35. b3 Kd8 36. Kf2 Ra8 37. Rc7 Ra6 38. Rxd7+ 1-0

[Event "Suecia ch 2007 Veteran-SM"]
[Site "Stockholm SWE"]
[Date "2007.07.13"]
[Round "9"]
[White "Soderborg, Berndt"]
[Black "Nystrom, Ragnar"]
[Result "1-0"]
[PlyCount "87"]
[EventDate "2007.07.01"]
[EventCountry "SWE"]
[Source "lmi"]
[SourceDate "2007.06.30"]
[WhiteElo "2126"]
[BlackElo "2022"]

1. e4 e6 2. Qe2 c5 3. Nf3 Nc6 4. d3 Be7 5. g3 d6 6. Bg2 Nf6 7. O-O O-O 8. h3 d5
9. e5 Nd7 10. c3 Re8 11. h4 b5 12. b3 Qb6 13. Bg5 Bb7 14. Nbd2 Nf8 15. c4 Rad8
16. a4 a6 17. Be3 Nb4 18. a5 Qc7 19. Rfc1 dxc4 20. dxc4 Nd3 21. Rc3 Nxe5 22.
cxb5 axb5 23. b4 Nxf3+ 24. Nxf3 Ba6 25. Bxc5 Bxc5 26. Rxc5 Qe7 27. Ne5 Rd6 28.
Rac1 Qf6 29. Rc7 Ng6 30. Nxf7 Rd4 31. Ng5 Rxb4 32. Bh3 Nf8 33. Rf7 Qd4 34. Rf4
Qd6 35. Qh5 Rxf4 36. Qxe8 Qd2 37. Bxe6+ Kh8 38. Rf1 Rf6 39. Ne4 Qb2 40. Nxf6
Qxf6 41. Re1 Bb7 42. Qf7 Nxe6 43. Qxf6 gxf6 44. Rxe6 1-0

[Event "Suecia ch 2007 Veteran-SM"]
[Site "Stockholm SWE"]
[Date "2007.07.13"]
[Round "9"]
[White "Gustavsson, Sture"]
[Black "Nordstrom, Felix"]
[Result "0-1"]
[PlyCount "38"]
[EventDate "2007.07.01"]
[EventCountry "SWE"]
[Source "lmi"]
[SourceDate "2007.06.30"]
[WhiteElo "2109"]
[BlackElo "2173"]

1. d4 Nf6 2. Nf3 e6 3. c4 d5 4. Nc3 c6 5. Bg5 h6 6. Bh4 dxc4 7. e4 g5 8. Bg3 b5
9. a3 Bb7 10. e5 Nd5 11. Ne4 Nd7 12. Nfd2 Qb6 13. Qg4 O-O-O 14. Bxc4 h5 15.
Qxg5 Qxd4 16. Bxd5 exd5 17. Qf4 dxe4 18. e6 Ne5 19. Qxe5 Qxd2+ 0-1

[Event "Suecia ch 2007 Veteran-SM"]
[Site "Stockholm SWE"]
[Date "2007.07.13"]
[Round "9"]
[White "Johansson, Per"]
[Black "Akvist, Hakan"]
[Result "1/2-1/2"]
[PlyCount "56"]
[EventDate "2007.07.01"]
[EventCountry "SWE"]
[Source "lmi"]
[SourceDate "2007.06.30"]
[WhiteElo "2003"]
[BlackElo "2161"]

1. d4 Nf6 2. Nf3 e6 3. c4 Bb4+ 4. Bd2 Qe7 5. g3 O-O 6. Bg2 d5 7. Qb3 Nc6 8. O-O
dxc4 9. Qxc4 Nd5 10. Bxb4 Ndxb4 11. Nc3 Na5 12. Qc5 Qxc5 13. dxc5 Nd5 14. Nxd5
exd5 15. b4 Nc6 16. b5 Ne7 17. Nd4 Be6 18. a4 Rfd8 19. e3 g6 20. Rfc1 c6 21.
Bf1 Rac8 22. Rc3 Nf5 23. Rb1 Nxd4 24. exd4 Bf5 25. Re1 Kf8 26. a5 cxb5 27. Bxb5
Bd7 28. Rb3 Bxb5 1/2-1/2